000 00948nam a2200313 a 4500
003 AR-BaBNM
005 20251128210251.0
008 082120s2002 ||||||||||||||000 | spa||
020 _a84-87330-74-6
040 _cAR-BaBNM
245 0 0 _aActividades físicas extraescolares
_buna propuesta alternativa
250 _a1ª ed.
260 _aBarcelona
_bINDE
_c1998
300 _a168 p.
_bil.
490 0 _aEl deporte en edad escolar
500 _aContiene referencias bibliográficas al final de cada capítulo
650 4 _aEDUCACION FISICA
650 4 _aDESARROLLO MOTOR
650 4 _aACTIVIDADES FISICAS
650 4 _aACTIVIDADES DEPORTIVAS
650 4 _aACTIVIDADES PARA LA SALUD
650 4 _aEDUCACION AMBIENTAL
653 _aACTIVIDADES EXTRAESCOLARES
653 _aEDUCACION GENERAL BASICA
700 1 _aSantos Pastor, Marisa
_edirector
700 1 _aSicilia Camacho, Alvaro
_edirector
942 _cBK
998 _cRaquel
999 _c14709
_d14709